00631nam a2200217Ia 4500008004100000020001800041050001900059050001800078100002400096245005800120245002400178260001700202260002100219260000900240300001600249300002000265300001100285500004100296650002700337650004900364160418s9999 xx 000 0 und d a971-584-335-2 aFIL PQ 8897.R5 b.L33 2002 c.1 aLacaba, Emmanuel P. aTekstong patnubay sa pag-aaral ng El Filibusterismo / cEmmanuel P. Lacaba. aQuezon City: bC & E Pub. Inc., c2002 a322 pages : billustrations ; c26 cm. aIncludes bibliographical references. aPhilippine literature. xRizal, Jose, 1861-1896 -- El Filibusterismo.